[Event "San Vicente del Raspeig op 3rd"]
[Site "San Vicente del Raspeig"]
[Date "2022.12.29"]
[Round "6"]
[White "Odriozola Coscolin, Alex"]
[Black "Yeste Piqueras, Marcos"]
[Result "1/2-1/2"]
[WhiteElo "2035"]
[BlackElo "1897"]
[PlyCount "29"]
[EventDate "2022.12.26"]
[EventType "swiss"]
[EventRounds "9"]
[EventCountry "ESP"]
[SourceTitle "CBM 212 Extra"]
[Source "ChessBase"]
[SourceDate "2023.03.31"]
[SourceVersion "1"]
[SourceVersionDate "2023.03.31"]
[SourceQuality "1"]

1. d4 Nf6 2. c4 c5 3. d5 b5 4. Qc2 b4 5. e4 d6 6. Nf3 g6 7. Bd3 Bg7 8. 0-0 0-0 9. h3 e5 10. a3 Na6 11. Bd2 Qb6 12. axb4 Nxb4 13. Bxb4 cxb4 14. Nbd2 Nd7 15. Nb3 1/2-1/2

[Event "Gibraltar U12 op"]
[Site "Caleta"]
[Date "2017.08.20"]
[Round "5"]
[White "Yeste Piqueras, Marcos"]
[Black "Tombolis, Christopher"]
[Result "0-1"]
[WhiteElo "1214"]
[BlackElo "1807"]
[PlyCount "82"]
[EventDate "2017.08.18"]
[EventType "swiss"]
[EventRounds "6"]
[EventCountry "GGB"]
[SourceTitle "CBM 180 Extra"]
[Source "ChessBase"]
[SourceDate "2017.10.06"]
[SourceVersion "1"]
[SourceVersionDate "2017.10.06"]
[SourceQuality "1"]

1. e4 c5 2. Nf3 Nc6 3. d4 cxd4 4. Nxd4 Nf6 5. Nc3 g6 6. Bf4 Bg7 7. Qd2 0-0 8. Nf3 d6 9. h3 Nd7 10. Bh6 a6 11. Bxg7 Kxg7 12. Bc4 b5 13. Bd5 Bb7 14. Ng5 Nde5 15. Bxf7 Bc8 16. Be6 h6 17. Bxc8 Qxc8 18. f4 Nc4 19. Qd5 hxg5 20. Qxg5 e6 21. Ne2 Qd8 22. Qg3 Qf6 23. Rb1 Nb4 24. Qb3 Nc6 25. g4 Qh4+ 26. Kd1 e5 27. Rf1 Rae8 28. Qd3 Rf7 29. b3 Nb6 30. g5 Rc8 31. Qe3 Nd7 32. Qc3 Rff8 33. a4 Nd4 34. Qd3 Nxc2 35. Rc1 Nb4 36. Qxd6 Qxh3 37. Rxc8 Rxc8 38. Qxb4 Qxf1+ 39. Kd2 Nc5 40. axb5 Rd8+ 41. Ke3 Rd3# 0-1